Cambodia economic watch. (Record no. 22399)

000 -LEADER
fixed length control field 00455cas a2200157 a 4500
022 0# - INTERNATIONAL STANDARD SERIAL NUMBER
ISSN 2219-6463
040 ## - CATALOGING SOURCE
Transcribing agency DLC
082 ## - DEWEY DECIMAL CLASSIFICATION NUMBER
Classification number EIC CAM 2005 C289 Or.
245 00 - TITLE STATEMENT
Title Cambodia economic watch.
246 17 - VARYING FORM OF TITLE
Title proper/short title EIC Cambodia economic watch
260 ## - PUBLICATION, DISTRIBUTION, ETC. (IMPRINT)
Place of publication Phnom Penh :
Name of publisher Economic Institute of Cambodia,
Year of publication ©2005-
300 ## - PHYSICAL DESCRIPTION
Number of Pages volumes :
Other physical details illustrations ;
Dimensions 30 cm
650 #7 - SUBJECT ADDED ENTRY--TOPICAL TERM
Topical Term Economic history.
710 2# - ADDED ENTRY--CORPORATE NAME
Corporate name or jurisdiction name as entry element Vidyāsthān Seṭṭhakicc Kambujā,
942 ## - ADDED ENTRY ELEMENTS (KOHA)
Koha item type ADB
952 ## - LOCATION AND ITEM INFORMATION (KOHA)
Withdrawn status [LOCAL, KOHA] 0
Holdings
Permanent Location Date acquired Koha item type Lost status Shelving location Barcode Current Location Full call number
Library Block C2023-12-13ADB C289a074772Library Block CEIC CAM 2005 C289 Or.
មជ្ឈមណ្ឌលឯការនៃសាកលវិទ្យាល័យភូមិន្ទកសិកម្មចំការដូង

Powered by Koha